LEADER 00441oam 2200181z- 450 001 9910768491803321 035 $a(CKB)5850000000468614 035 $a(EXLCZ)995850000000468614 100 $a20240521c2023uuuu -u- - 101 0 $aeng 200 10$aBelgic Confession 210 $cAOSIS 311 $a1-77995-287-2 311 $a1-77995-288-0 906 $aBOOK 912 $a9910768491803321 996 $aBelgic Confession$93658566 997 $aUNINA